Algebry pseudodifferenciaľnych operatorov

Na minha lista:
Detalhes bibliográficos
Autor principal: Plamenevskij, Boris Aleksandrovič (Author)
Formato: Livro
Idioma:russo
Publicado em: Moskva : Nauka, 1986
Edição:1.vyd.
Tags: Adicionar Tag
Sem tags, seja o primeiro a adicionar uma tag!

MARC

LEADER 00000nam a22000003a 4500
001 stu7656
005 20150617225805.9
008 950331s1986----xxr-----------------rus-d
040 |a STU  |b slo 
041 0 |a rus 
044 |a xxr 
080 |a 519.98 
100 1 |a Plamenevskij, Boris Aleksandrovič  |4 aut 
245 1 |a Algebry pseudodifferenciaľnych operatorov 
250 |a 1.vyd. 
260 |a Moskva :  |b Nauka,  |c 1986 
300 |a 225 s 
996 |b E61980  |c E*61980  |l EE03  |s P  |a 0  |w stu7656_0002 
996 |b E62782  |c E*62782  |l EE03  |s P  |a 0  |w stu7656_0003